O možnosti využitia kladnej zpätnej väzby pre kompenzáciu parazitnej kapacity u elektronkových zosilňovačov : Kand.diz.práca /
Gespeichert in:
| 1. Verfasser: | |
|---|---|
| Format: | Manuskript Buch |
| Veröffentlicht: |
Bratislava :
SVŠT v Bratislave EF,
1980
|
| Schlagworte: | |
| Tags: |
Keine Tags, Fügen Sie das erste Tag hinzu!
|
MARC
| LEADER | 00000ntm a22000003a 4500 | ||
|---|---|---|---|
| 001 | stu5386 | ||
| 005 | 20150617225812.3 | ||
| 008 | ------s1980----------------------------d | ||
| 040 | |a STU |b slo | ||
| 041 | 0 | ||
| 100 | 1 | |a Gvozdjak, Ladislav |4 aut | |
| 245 | 1 | |a O možnosti využitia kladnej zpätnej väzby pre kompenzáciu parazitnej kapacity u elektronkových zosilňovačov : |b Kand.diz.práca / |c [aut.] Gvozdjak,Ladislav, Ing | |
| 260 | |a Bratislava : |b SVŠT v Bratislave EF, |c 1980 | ||
| 300 | |a 37 s : |b príl | ||
| 650 | 7 | |a elektrické stroje a prístroje |2 stusub | |
| 996 | |b 284ED00310 |c E*KDIZ-4 |l EE01 |s A |a 24 |w stu5386_0001 | ||